000 00380nam a2200133Ia 4500
008 240624s9999 xx 000 0 und d
041 _aeng
082 _a658.1 KAR
100 _aKAR RABI NARAYAN
245 _aMERGERS ACQUISITIONS AND CORPORATE RESTRUCTURING
260 _c2011
_aNew Delhi
_bInternational Book House Pvt. Ltd.
300 _a564 : p. : cm. ; 24
365 _cRS
_b30
999 _c18956
_d18956